[Event "Campos do Jordao op"]
[Site "Campos do Jordao"]
[Date "2024.01.12"]
[Round "1"]
[White "Mangini, Bruno Fernandes"]
[Black "Leal, Alexandre Garcia"]
[Result "1-0"]
[WhiteElo "1728"]
[BlackElo "1899"]
[PlyCount "58"]
[EventDate "2024.01.12"]
[EventType "swiss"]
[EventRounds "5"]
[EventCountry "BRA"]
[SourceTitle "CB04_2024"]
[SourceDate "2023.10.16"]
[SourceVersion "1"]
[SourceVersionDate "2023.10.16"]
[SourceQuality "1"]

1. d4 Nf6 2. c4 e6 3. Nf3 d5 4. g3 Bb4+ 5. Bd2 Be7 6. Bg2 0-0 7. 0-0 c6 8. Qc2 b6 9. Re1 Bb7 10. Bf4 Nh5 11. Nbd2 Nxf4 12. gxf4 Nd7 13. Rac1 f5 14. Ne5 Nxe5 15. fxe5 Kh8 16. cxd5 exd5 17. f4 g5 18. e3 Qe8 19. Nf1 gxf4 20. exf4 c5 21. Ng3 Qg6 22. Kh1 Qg4 23. Rf1 Rac8 24. Qe2 Qh4 25. Qd3 Rc6 26. Nxf5 Rxf5 27. Qxf5 Bc8 28. Qc2 Rh6 29. Bxd5 Bf5 1-0

[Event "Sao Paulo ECP Etapa Sigismund Gansl"]
[Site "Sao Paulo"]
[Date "2018.05.18"]
[Round "2.7"]
[White "Costa, Iaggo Bernini"]
[Black "Mangini, Bruno Fernandes"]
[Result "0-1"]
[WhiteElo "1471"]
[BlackElo "1785"]
[PlyCount "104"]
[EventDate "2018.05.18"]
[EventType "swiss"]
[EventRounds "6"]
[EventCountry "BRA"]
[SourceTitle "EXT 2022"]
[Source "ChessBase"]
[SourceDate "2021.10.06"]
[SourceVersion "1"]
[SourceVersionDate "2021.10.06"]
[SourceQuality "1"]

1. e4 c6 2. Nf3 d5 3. Nc3 d4 4. Ne2 c5 5. d3 Nc6 6. Ng3 e5 7. Be2 Nf6 8. 0-0 Be7 9. Nd2 0-0 10. Nc4 b5 11. Na3 a6 12. f4 Qb6 13. f5 c4 14. Nb1 b4 15. Nd2 Na5 16. Nf3 Qc5 17. Kh1 c3 18. b3 Nc6 19. Bg5 a5 20. Ng1 a4 21. Bxf6 Bxf6 22. Nh5 Bg5 23. Qe1 axb3 24. Qg3 f6 25. axb3 Ra5 26. h4 Bh6 27. Nf3 Qa7 28. Rxa5 Qxa5 29. Nh2 Kh8 30. Ng4 Rg8 31. Nxh6 gxh6 32. Qf3 Rf8 33. Ng3 Nd8 34. Qh5 Nf7 35. Kh2 Bd7 36. Nh1 Qa2 37. Bd1 Qb1 38. Nf2 Be8 39. Ng4 Kg7 40. Nf2 Qc1 41. Qg4+ Kh8 42. Nh1 Rg8 43. Qe2 Nd6 44. Ng3 Rf8 45. Nh5 Nb5 46. Qf2 Na3 47. Ng3 Rg8 48. Nh5 Bxh5 49. Bxh5 Qxc2 50. Qxc2 Nxc2 51. Rc1 Ne3 52. g3 Ra8 0-1

[Event "BRA-ch Amateur U1800"]
[Site "Sao Paulo"]
[Date "2017.10.12"]
[Round "1"]
[White "Nobre, Jose Adalberto Barb"]
[Black "Mangini, Bruno Fernandes"]
[Result "0-1"]
[WhiteElo "1624"]
[BlackElo "1753"]
[PlyCount "36"]
[EventDate "2017.10.12"]
[EventType "swiss"]
[EventRounds "7"]
[EventCountry "BRA"]
[SourceTitle "EXT 2019"]
[Source "ChessBase"]
[SourceDate "2018.10.10"]
[SourceVersion "1"]
[SourceVersionDate "2018.10.10"]
[SourceQuality "1"]

1. e4 c6 2. d4 d5 3. e5 c5 4. c3 cxd4 5. cxd4 Nc6 6. Nc3 a6 7. Nf3 Bg4 8. h3 Bxf3 9. gxf3 e6 10. Be3 Nge7 11. a3 Nf5 12. Na4 Be7 13. Qd2 b5 14. Nc5 Bxc5 15. Rc1 Ncxd4 16. Qc3 Bb6 17. Bxd4 Nxd4 18. f4 0-0 0-1